000 00673nam a2200217 u 4500
005 20240910063938.0
008 090526s2003 r 000 0 eng d
020 _a8426103634
035 _aUPN01000170684
049 _aI
050 4 _aPZ75
_bB5.7
100 1 _aBlyton, Enid,
_d1897-1968
_931287
245 1 3 _aEl triunfo de los siete secretos /
_cEnid Blyton ; tr. de Federico Ulsamer.
260 _aBarcelona, Esp. :
_bJuventud,
_c2003.
300 _a110 p. :
_bil.
440 0 _aSiete secretos ;
_v7
534 _pTítulo original:
_tSecret seven win through
650 4 _aNiños en la literatura
_914415
650 0 _aHistorias de aventuras
_94131
901 _aLibro
999 _c142789
_d142789